Sequence Spaces and Applications (Record no. 23779)

MARC details
000 -LEADER
fixed length control field 00414nam a2200169Ia 4500
008 - FIXED-LENGTH DATA ELEMENTS--GENERAL INFORMATION
fixed length control field 230524s9999 xx 000 0 und d
082 ## - DEWEY DECIMAL CLASSIFICATION NUMBER
Classification number 510.3
Item number JAI
100 ## - MAIN ENTRY--AUTHOR NAME
Personal name Pawan K.Jain
245 #0 - TITLE STATEMENT
Title Sequence Spaces and Applications
250 ## - EDITION STATEMENT
Edition statement 1ST
260 ## - PUBLICATION, DISTRIBUTION, ETC. (IMPRINT)
Place of publication NEW DELHI
Name of publisher Narosa
Year of publication 1995
300 ## - PHYSICAL DESCRIPTION
Number of Pages X;148
500 ## - GENERAL NOTE
General note Quantity Number: 2
650 ## - SUBJECT ADDED ENTRY--TOPICAL TERM
Topical Term Mathematics
700 ## - ADDED ENTRY--PERSONAL NAME
Personal name Eberhard Malkowsky
942 ## - ADDED ENTRY ELEMENTS (KOHA)
Koha item type Books
Holdings
Lost status Damaged status Permanent Location Current Location Shelving location Date acquired Full call number Accession Number Koha item type
    Central Library, Trident Academy of Technology Central Library, Trident Academy of Technology General Stacks 05/24/2023 510.3 JAI 6629 Books
    Central Library, Trident Academy of Technology Central Library, Trident Academy of Technology General Stacks 05/24/2023 510.3 JAI 6630 Books
Trident Academy of Technology © 2023.
All rights reserved.                                                                                                                                                                                                        Designed by Team of Central Library .

Powered by Koha